00417cam a2200169ua 45000010005000000080039000050200015000440400009000590410008000680820012000761000032000882450051001202500009001712600037001803000011002176530019002287308141206n ii |||gr||||Z||||||ben a8172936362 cMAIN aben a891.443 aBandyopadhyay, T.,eAuthor.1 aSandipan PathsalacBy Tarasankar Bandyopadhyay a1st. aCalcutta:bMitra & Ghosh,c2006. a154p.. aBengali novels